01204cas a22003497a 450000500170000000800410001701000100005801100100006802200140007803500100009224500500010226000580015230000160021031000140022636200190024059000410025959000410030059000410034159000420038265000520042486600560047686600340053286600550056686600550062186600350067686600240071186600360073586600360077190100070080790500230081499900170083720220329142018.0990216c1909 us br p rnn 0 0b1eng d a77046 a780180 a0027-5514 a8781300aMycologiac/by Mycological Society of America0 aBronx, N.Y. :bMycological Society of America,c1909- av. :bilus. aBimestral1 av.90 n.4, 1998 aBATCH-UPDb10c20130110lUCH01h0641 aBATCH-UPDb10c20130410lUCH01h0325 aBATCH-UPDb10c20130914lUCH01h1816 aCONVERSIONb10c20130109lUCH01h134214aMicologíaxPublicaciones periódicas.975481 av. 101 n. 1 (Jan., 2009) - v. 101 n. 6 (Dec., 2009) av. 102 n. 1 (Jan.-Feb., 2010) av. 102 n. 3 (May, 2010) - v. 102 n. 5 (Oct., 2010) av. 90 n. 4 (Jul., 1998) - v. 100 n. 6 (Dec., 2008) av.1 n.1-v.50 n.6 - (1909-1958) av.51 n.2-4 - (1959) av.52 n.1-v.82 n.3 - (1960-1990) av.82 n.5-v.90 n.3 - (1990-1998) aSE aLilia Sánchez G. c77046d77046